000 00226nam a2200097Ia 4500
008 230508s2000 xx 000 0 und d
041 _aeng
100 _aCADICK JOHN
245 _aCABLES & WIRING
260 _bDELMAR PUBLI.
_c2000
999 _c323756
_d323756